000 00229nam a22000857a 4500
008 160704b xxu||||| |||| 00| 0 eng d
100 _92070
_a Mehta, H
245 _aThe Price of Ayodhya
260 _aNew Delhi
_bNational Book Trust
_c1974
999 _c1767
_d1767